[Event "AUTO-ADV-2675"]
[Site "http://www.queenalice.com/game.php?id=1121564"]
[Date "2012.11.12"]
[Round "1"]
[White "yodamari"]
[Black "robsoncxi"]
[Result "0-1"]
[WhiteElo "1765"]
[BlackElo "1906"]

1. d4 d5 2. Nf3 Bg4 3. Ne5 Bh5 4. Qd3 f6 5. Qb5+ Nc6 6. Nxc6 bxc6 7. Qxc6+ Kf7
8. Nc3 e6 9. e4 Ne7 10. Qa6 Qd6 11. Qd3 g6 12. Be2 Bxe2 13. Qxe2 Bg7 14. O-O
Rhe8 15. e5 fxe5 16. dxe5 Bxe5 17. Nb5 Qb6 0-1

[Event "Challenge"]
[Site "http://www.queenalice.com/game.php?id=1136532"]
[Date "2013.1.3"]
[Round "-"]
[White "diego2907"]
[Black "yodamari"]
[Result "0-1"]
[WhiteElo "1450"]
[BlackElo "1769"]

1. e4 c5 2. Bc4 e6 3. a3 Nc6 4. Nc3 Nf6 5. d3 d5 6. exd5 exd5 7. Qe2+ Be7 8. Bb5
a6 9. Bxc6+ bxc6 10. Bg5 O-O 11. Nf3 Bg4 12. O-O Bd6 13. h3 Bh5 14. Rae1 h6 15.
Bxf6 Qxf6 16. Qd1 Qf4 17. Ne2 Qf6 18. Ng3 Bxf3 19. gxf3 Bf4 20. Kh1 Qh4 21. Kh2
Qg5 22. Rg1 h5 23. Kh1 Qh4 24. Kh2 Qf6 25. Kh1 g6 26. Nxh5 Qf5 27. Nxf4 Qxf4 28.
Rg4 Qh6 29. Kh2 f5 30. Rg3 Rf6 31. f4 Qxf4 0-1

[Event "AUTO-ADV-2584"]
[Site "http://www.queenalice.com/game.php?id=1137093"]
[Date "2013.1.4"]
[Round "2"]
[White "yodamari"]
[Black "Aborigen"]
[Result "0-1"]
[WhiteElo "1772"]
[BlackElo "1999"]

1. d4 f5 2. g3 d5 3. Bg2 Nf6 4. Nf3 e6 5. c4 c6 6. O-O Bd6 7. Nbd2 O-O 8. c5 Bc7
9. e3 Nbd7 10. Ng5 Ne4 11. Nxe6 Qe7 12. Nxf8 Nxf8 13. f3 Nf6 14. Re1 Be6 15. e4
fxe4 16. fxe4 dxe4 17. Nxe4 Nxe4 18. Rxe4 Qd8 19. b4 a6 0-1

[Event "AUTO-ADV-2584"]
[Site "http://www.queenalice.com/game.php?id=1137094"]
[Date "2013.1.4"]
[Round "2"]
[White "Aborigen"]
[Black "yodamari"]
[Result "1-0"]
[WhiteElo "2020"]
[BlackElo "1772"]

1. e4 c5 2. f4 g6 3. Nf3 Nc6 4. c3 d5 5. e5 Nh6 6. h3 Bg7 7. Bb5 a6 8. Bxc6+
bxc6 9. O-O Nf5 10. Kh2 e6 11. g4 Nh4 12. d4 cxd4 13. cxd4 Nxf3+ 14. Qxf3 Qb6
15. Qc3 f6 16. Nd2 h5 17. exf6 Bxf6 18. g5 Be7 19. Nf3 c5 20. dxc5 Qxc5 21. Bd2
Rf8 22. Kg3 Bd6 23. Qxc5 Bxc5 24. Ne5 Rg8 25. Rac1 Bd4 26. Bc3 Bxe5 27. Bxe5 Bd7
28. h4 Ke7 29. Rc7 Rgc8 30. Rfc1 Rxc7 31. Rxc7 Kd8 32. Kf3 Rc8 33. Rxc8+ Bxc8
34. Ke3 Kd7 35. Bg7 Kc6 36. Kd4 Kb5 37. Ke5 Kc4 38. Kf6 d4 39. Kxg6 d3 40. Bc3
Bb7 41. Kf6 Bd5 42. g6 Be4 43. g7 Bh7 44. Kf7 Kd5 45. g8=Q Bxg8+ 46. Kxg8 Ke4
47. Bd2 e5 48. fxe5 Kxe5 49. Kg7 Kf5 50. b4 Kg4 51. Bg5 d2 52. Bxd2 Kxh4 53. a4
Kg4 54. Be1 h4 55. Bxh4 Kxh4 56. b5 axb5 57. axb5 Kg4 58. b6 Kf4 59. b7 Ke4 60.
b8=Q Kd5 61. Kf6 Ke4 62. Qe5+ Kd3 63. Kf5 Kc4 64. Ke4 Kb3 65. Qc5 Kb2 66. Qc4
Kb1 67. Qe2 Kc1 68. Kd3 Kb1 69. Kc3 1-0

[Event "Challenge"]
[Site "http://www.queenalice.com/game.php?id=1159222"]
[Date "2013.3.8"]
[Round "-"]
[White "Rodrigosm"]
[Black "yodamari"]
[Result "0-1"]
[WhiteElo "1464"]
[BlackElo "1765"]

1. e4 c5 2. Nc3 Nc6 3. Bc4 Nf6 4. Nf3 d6 5. Ng5 e6 6. Qf3 Nd4 7. Qd3 Ng4 8. h3
Qxg5 9. Nb5 Nxb5 10. Bxb5+ Bd7 11. hxg4 Qxg4 12. Bxd7+ Kxd7 13. Qb5+ Kc7 14. f3
Qxg2 15. Rf1 h5 16. d3 h4 17. Bd2 h3 18. Ba5+ b6 19. Bxb6+ axb6 20. O-O-O Rxa2
21. Kb1 Ra5 22. Qb3 h2 23. Qc3 h1=Q 24. Rxh1 Rxh1 25. Rxh1 Qxh1+ 26. Qe1 Qxe1#
0-1

[Event "AUTO-ADV-2875"]
[Site "http://www.queenalice.com/game.php?id=1189860"]
[Date "2013.6.11"]
[Round "1"]
[White "Ragnor"]
[Black "yodamari"]
[Result "1-0"]
[WhiteElo "1948"]
[BlackElo "1797"]

1. e4 c5 2. Bc4 e6 3. Nf3 Nc6 4. Qe2 Nf6 5. d3 d6 6. Bb5 Qa5+ 7. Nc3 Bd7 8. Bd2
Qb6 9. a4 a6 10. a5 Qc7 11. Bxc6 Bxc6 12. O-O b6 13. axb6 Qxb6 14. Rfb1 d5 15.
exd5 Nxd5 16. Ne5 Bb7 17. Qh5 g6 18. Qh4 Be7 19. Qa4+ Kf8 20. Nd7+ 1-0

[Event "AUTO-ADV-2875"]
[Site "http://www.queenalice.com/game.php?id=1189861"]
[Date "2013.6.11"]
[Round "1"]
[White "yodamari"]
[Black "Ragnor"]
[Result "0-1"]
[WhiteElo "1789"]
[BlackElo "2154"]

1. d4 Nf6 2. c4 e6 3. Nf3 Bb4+ 4. Nbd2 Ne4 5. a3 Nxd2 6. Bxd2 Bxd2+ 7. Qxd2 c6
8. e3 d6 9. Bd3 Qe7 10. O-O Nd7 11. Rfe1 e5 12. e4 O-O 13. b4 Re8 14. d5 Nf6 15.
h3 cxd5 16. cxd5 Nh5 17. Qg5 Qxg5 18. Nxg5 Bd7 19. b5 Rec8 20. Rac1 h6 21. Nf3
Nf4 22. Bc4 Rc5 23. Rc3 Bxb5 24. Rec1 Bxc4 25. R3c2 b5 26. Kh2 Rac8 0-1

[Event "AUTO-OPEN-3011"]
[Site "http://www.queenalice.com/game.php?id=1189914"]
[Date "2013.6.11"]
[Round "1"]
[White "cavaleiro_cambraia"]
[Black "yodamari"]
[Result "1-0"]
[WhiteElo "2103"]
[BlackElo "1817"]

1. d4 Nf6 2. f3 d5 3. g4 e6 4. Bf4 Nc6 5. e3 Bb4+ 6. c3 Bd6 7. Nh3 e5 8. dxe5
Bxe5 9. Bg5 h6 10. Bh4 g5 11. Bg3 Bxg3+ 12. hxg3 Qe7 13. Qe2 b6 14. Nd2 Rg8 15.
O-O-O Be6 16. Kb1 a5 17. Nf2 Rg6 18. Nd3 Qd7 19. Bg2 Nxg4 20. fxg4 Bxg4 21. Bf3
Bxf3 22. Nxf3 Qg4 23. Qg2 Qe4 24. Qe2 1-0

[Event "AUTO-OPEN-3011"]
[Site "http://www.queenalice.com/game.php?id=1189915"]
[Date "2013.6.11"]
[Round "1"]
[White "yodamari"]
[Black "cavaleiro_cambraia"]
[Result "1-0"]
[WhiteElo "1787"]
[BlackElo "2125"]

1. d4 f5 2. g3 Nf6 3. Bg2 g6 4. Nf3 Bg7 5. O-O O-O 6. b4 c6 7. c4 d6 8. Bf4 e5
9. dxe5 Ng4 10. Bg5 Qd7 11. Bf4 Nxe5 12. c5 Nxf3+ 13. Bxf3 Bxa1 14. Bxd6 Re8 15.
Nd2 Bf6 16. Qb3+ Kg7 17. e4 Qf7 18. Qxf7+ Kxf7 19. exf5 Bxf5 20. Nc4 Nd7 21. Ne3
1-0

[Event "AUTO-OPEN-3011"]
[Site "http://www.queenalice.com/game.php?id=1189940"]
[Date "2013.6.11"]
[Round "1"]
[White "yodamari"]
[Black "massimo"]
[Result "1-0"]
[WhiteElo "1780"]
[BlackElo "1806"]

1. d4 d5 2. c4 Nf6 3. cxd5 Nxd5 4. Nf3 Bg4 5. Ne5 Bf5 6. Qb3 b6 7. e4 Bxe4 8.
Bb5+ c6 9. Nxc6 Nd7 10. Nxd8 Rxd8 11. Nc3 Nxc3 12. Qxc3 Bxg2 13. Rg1 Bd5 14. Bf4
a5 15. Rg5 e6 16. Qe3 1-0

[Event "AUTO-OPEN-3011"]
[Site "http://www.queenalice.com/game.php?id=1189941"]
[Date "2013.6.11"]
[Round "1"]
[White "massimo"]
[Black "yodamari"]
[Result "1-0"]
[WhiteElo "1802"]
[BlackElo "1804"]

1. e4 c5 2. c4 Nc6 3. Nf3 g6 4. Nc3 Nf6 5. Be2 Bg7 6. e5 Ng4 7. O-O Ngxe5 8.
Nxe5 Bxe5 9. d3 f5 10. Be3 Qc7 11. f4 Bd4 12. Qd2 e6 13. Nb5 Qb6 14. Nd6+ Ke7
15. Nb5 a6 16. Nc3 Bxe3+ 17. Qxe3 Qxb2 18. Nd5+ Kf7 19. Rfb1 Qg7 20. Nb6 Rb8 21.
Qxc5 Qd4+ 22. Qxd4 Nxd4 23. Bd1 a5 24. Nxc8 Rhxc8 25. a4 d5 26. cxd5 exd5 27.
Rb2 b5 28. Rab1 b4 29. Kf2 Kf6 30. Ke3 Ne6 31. d4 Rc3+ 32. Kf2 Nxf4 33. Rc2 Rc4
34. g3 Ne6 35. Rxc4 dxc4 36. d5 Nc5 37. Bf3 Nxa4 38. Rd1 Nb2 39. Rd2 c3 40. Rc2
Nd3+ 41. Ke2 1-0

[Event "Let's Play Chess!"]
[Site "http://www.queenalice.com/game.php?id=1439559"]
[Date "2016.9.4"]
[Round "-"]
[White "chessplayer123"]
[Black "yodamari"]
[Result "1-0"]
[WhiteElo "1802"]
[BlackElo "1781"]

1. e4 e5 2. Nf3 Nc6 3. Bb5 Nf6 4. c3 a6 5. Ba4 b5 6. Bb3 Be7 7. O-O Nxe4 8. a4
bxa4 9. Rxa4 Nc5 10. Ra1 O-O 11. Bc2 e4 12. Nd4 f5 13. Nxc6 dxc6 14. Na3 1-0

[Event "Let's Play Chess!"]
[Site "http://www.queenalice.com/game.php?id=1439568"]
[Date "2016.9.4"]
[Round "-"]
[White "yodamari"]
[Black "Daniel1962"]
[Result "0-1"]
[WhiteElo "1766"]
[BlackElo "1684"]

1. e4 c5 2. Bc4 e6 3. Nf3 Nc6 4. O-O Bd6 5. Nc3 a6 6. d3 Ne5 7. Nxe5 Bxe5 8. Ne2
Nh6 9. d4 cxd4 10. Nxd4 Bxd4 11. Qxd4 f6 12. Bxh6 gxh6 13. Rae1 e5 14. Qd5 Qe7
15. f4 d6 16. fxe5 dxe5 0-1